| 000 | 01194cam a2200373 a 4500 | ||
|---|---|---|---|
| 001 | 12296313 | ||
| 003 | OSt | ||
| 005 | 20140310181910.0 | ||
| 008 | 010201s2000 enka 001 0 eng d | ||
| 010 | _a 2001274433 | ||
| 020 | _a0789468530 | ||
| 035 | _a(OCoLC)ocm45290274 | ||
| 040 |
_aZ92 _cZ92 _dDLC |
||
| 042 | _alccopycat | ||
| 050 | 0 | 0 |
_aQA 76.9 _b.As823 2000 |
| 082 | 0 | 0 |
_aTR 004.02E _221 _bAs3 2000 |
| 100 | 1 | _aAshdown, Andy. | |
| 245 | 1 | 0 |
_aFile management / _cAndy Ashdown. |
| 246 | 3 | _aGood practice, file management | |
| 250 | _a1st American ed. | ||
| 260 |
_aLondon ; _aNew York : _bDorling Kindersley, _c2000. |
||
| 300 |
_a72 p. : _bcol. ill. ; _c18 cm. |
||
| 440 | 0 | _aEssential computers | |
| 500 | _aAt head of title: Good practice. | ||
| 500 | _aIncludes index. | ||
| 520 | _a1. File organization (Computer Science). | ||
| 521 | _aFaculty | ||
| 541 | _j1 | ||
| 562 | _e1 | ||
| 650 | 0 | _aFile organization (Computer science) | |
| 906 |
_a7 _bcbc _ccopycat _d2 _encip _f20 _gy-gencatlg |
||
| 942 |
_2lcc _cBK-TR _kTR |
||
| 999 |
_c6481 _d6481 |
||